000 00201nam a2200097Ia 4500
008 190216s9999||||xx |||||||||||||| ||und||
100 _aJose C L
245 0 _aNombarangal
260 _bNull
942 _cBK
999 _c25173
_d25173